000 00585nam a2200181 i 4500
001 66227
003 ES-MaACL
005 20251127165447.0
007 t|
008 040129s1949 sp ||||1| spa d
100 1 _aGalán Rodríguez, Jesús.
_953310
245 1 0 _aHacia los cien años de vida /
_cJ. Galán Rodríguez ; prólogo de B. Lorenzo Velázquez.
260 _aMadrid :
_bOrdo,
_c1949 (
_eAvila :
_fSigirano Díaz)
300 _a144 p. ;
_c19 cm.
700 1 _aLorenzo-Velázquez, B.,
_d1901-1985
_974198
852 _aES-MaACL
_jB-12877
_bR.28832
999 _c66227
_d66227